[Event "WY GU16 2012"]
[Site "Maribor SLO"]
[Date "2012.11.12"]
[Round "6.27"]
[White "Cazacu,G"]
[Black "Aseeva,A"]
[Result "1-0"]
[WhiteElo "1804"]
[BlackElo "2023"]

1.d4 Nf6 2.c4 e6 3.Nf3 Bb4+ 4.Bd2 Qe7 5.Bxb4 Qxb4+ 6.Qd2 Qe7 7.Nc3 d5 8.e3 O-O
9.Rc1 b6 10.cxd5 exd5 11.h3 Bb7 12.Bd3 Nbd7 13.Qc2 c5 14.O-O Ne4 15.Bxe4 dxe4
16.Nd2 Ba6 17.Rfe1 Bd3 18.Qd1 f5 19.Qb3+ Kh8 20.Nd5 Qd6 21.Nf4 cxd4 22.Nxd3 exd3
23.Nc4 Qd5 24.Qxd3 Nc5 25.Qd2 d3 26.Red1 Rad8 27.f3 Rfe8 28.b3 f4 29.e4 Qd4+
30.Kh1 Rf8 31.Nb2 a5 32.Nc4 Rf6 33.Rc3 Rdf8 34.Rdc1 Rh6 35.Nxb6 Ne6 36.Nd5 Ng5
37.Rxd3 Qe5 38.Nxf4 Qf6 39.Rd1 Nf7 40.Nd5 Qe6 41.Nf4 Qf6 42.Rd5 g6 43.Qd4 Qxd4
44.R1xd4 g5 45.Ne2 Rc6 46.Rd2 Rfc8 47.Rxa5 h6 48.Rad5 Kg7 49.Ng3 Ra8 50.Nf5+ Kh7
51.Rd7 Rf6 52.a4 Kg8 53.Rc7 h5 54.Rdd7 Rb8 55.Rb7 Rc8 56.Ne7+  1-0

[Event "WY BU14 2012"]
[Site "Maribor SLO"]
[Date "2012.11.14"]
[Round "7.38"]
[White "Stefanov,Emil"]
[Black "Cori Quispe,Kevin"]
[Result "1/2-1/2"]
[WhiteElo "1904"]
[BlackElo "2073"]

1.d4 Nf6 2.c4 e6 3.Nf3 Bb4+ 4.Bd2 Qe7 5.g3 Nc6 6.Bg2 Bxd2+ 7.Qxd2 Ne4 8.Qc2 Qb4+
9.Nc3 Nxc3 10.Qxc3 Qxc3+ 11.bxc3 Rb8 12.c5 b6 13.cxb6 Rxb6 14.O-O Ba6 15.Rfe1 Ke7
16.e4 Rb2 17.Bf1 Bxf1 18.Kxf1 Rhb8 19.Re2 Na5 20.Rae1 R2b6 21.Ne5 f6 22.Ng4 Nc4
23.Ne3 Nxe3+ 24.Rxe3 Ra6 25.R3e2 Kd6 26.Rc2 c5 27.Ke2 Ra4 28.Rd1 cxd4 29.Rxd4+ Rxd4
30.cxd4 Rb1 31.f3 g5 32.g4 h6 33.Ke3 Ra1 34.Kd3 Rd1+ 35.Ke3  1/2-1/2

[Event "WY BU16 2012"]
[Site "Maribor SLO"]
[Date "2012.11.15"]
[Round "8.19"]
[White "Sohal,T"]
[Black "Amstadt,A"]
[Result "0-1"]
[WhiteElo "2108"]
[BlackElo "2273"]

1.d4 Nf6 2.Nf3 e6 3.c4 Bb4+ 4.Bd2 Qe7 5.g3 Nc6 6.Bg2 Bxd2+ 7.Nbxd2 d6 8.e4 O-O
9.O-O e5 10.d5 Nb8 11.Ne1 a5 12.Nd3 Bg4 13.f3 Bd7 14.Qc2 Na6 15.Qc3 a4 16.Rae1 c6
17.f4 exf4 18.e5 dxe5 19.Rxe5 Qd8 20.dxc6 Bxc6 21.Nxf4 Ng4 22.Re2 Qb6+ 23.Kh1 Rae8
24.Rxe8 Rxe8 25.Bxc6 Qxc6+ 26.Qf3 Qxf3+ 27.Nxf3 Nc5 28.Kg1 Ne3 29.Rc1 Re4
30.Rc3 Nd1 31.Rc2 g5 32.Nd5 Kg7 33.Rd2 g4 34.Nd4 Re1+ 35.Kg2 Ne4 36.Rc2 Kg6
37.Ne2 Ng5 38.Nef4+ Kg7 39.Nh5+ Kg6 40.Nhf4+ Kg7 41.Ne2 Nf3 42.b4 a3 43.c5 Nb2
44.Kf2 Ra1 45.Nec3 Re1 46.Nf4 Rh1 47.Ke3 f5 48.Nfe2 Nc4+ 49.Kd3 Nb2+ 50.Ke3 Nc4+
51.Kd3 Ne1+ 52.Kxc4 Nxc2 53.b5 f4 54.Nxf4 Rxh2 55.c6 bxc6 56.bxc6 Ne3+ 57.Kb4 Nf5
58.Kc5 Ne7 59.c7 Rc2 60.Ne2 Kf7 61.Kb6 h5 62.Kb7 Rb2+ 63.Ka6 Nc8 64.Nd4 h4
65.gxh4 g3 66.Nce2 g2 67.h5 Rxa2 68.Kb7 Nd6+ 69.Kc6 Nc8 70.h6 Rxe2 71.Nxe2 a2
72.Kd7 Na7 73.h7 a1=Q 74.c8=Q Nxc8 75.Kxc8 Qh8+  0-1

[Event "WY GU16 2012"]
[Site "Maribor SLO"]
[Date "2012.11.15"]
[Round "8.40"]
[White "Head,Louise"]
[Black "Machlik,Monika"]
[Result "1/2-1/2"]
[WhiteElo "1754"]
[BlackElo "1735"]

1.d4 Nf6 2.c4 e6 3.Nf3 Bb4+ 4.Bd2 a5 5.g3 d6 6.Bg2 Nc6 7.O-O e5 8.Bg5 exd4
9.Nxd4 Nxd4 10.Qxd4 h6 11.Qh4 Rg8 12.Bxf6 Qxf6 13.Qxf6 gxf6 14.a3 Bc5 15.Nc3 c6
16.Ne4 Ke7 17.Nxc5 dxc5 18.a4 Ra6 19.b3 Rb6 20.Rab1 Rd8 21.Rfc1 Rd2 22.Kf1 Bf5
23.e4 Be6 24.Rc3 Rd4 25.Rbc1 Rd2 26.Rb1 Rd4 27.Rbc1 Rd2  1/2-1/2

[Event "Brno Open 2012"]
[Site "Brno CZE"]
[Date "2012.11.16"]
[Round "8"]
[White "Kociscak,J"]
[Black "Kuchynka,Luk"]
[Result "1/2-1/2"]
[WhiteElo "2422"]
[BlackElo "2310"]

1.d4 Nf6 2.c4 e6 3.Nf3 Bb4+ 4.Bd2 Qe7 5.g3 O-O 6.Bg2 Bxd2+ 7.Qxd2 d5 8.cxd5 exd5
9.Nc3 c6 10.O-O Nbd7 11.Rfe1 Re8 12.Qc2 Nf8 13.Ne5 Ne4 14.Nxe4 dxe4 15.f4 exf3
16.exf3 Be6 17.f4 Qd6 18.Rad1  1/2-1/2

[Event "22nd World Seniors Open"]
[Site "Kamena Vourla GRE"]
[Date "2012.11.16"]
[Round "4.9"]
[White "Pushkov,N"]
[Black "Kunz,K"]
[Result "1-0"]
[WhiteElo "2404"]
[BlackElo "2247"]

1.d4 Nf6 2.c4 e6 3.Nf3 Bb4+ 4.Bd2 a5 5.Nc3 O-O 6.e3 d5 7.Bd3 dxc4 8.Bxc4 b6
9.a3 Bxc3 10.Bxc3 Bb7 11.O-O Nbd7 12.Qe2 Ne4 13.Rfc1 Nxc3 14.bxc3 a4 15.Bb5 Ra5
16.Rab1 Be4 17.Rb2 c6 18.Bc4 Qe7 19.Nd2 Bg6 20.Bd3 Rh5 21.Rb4 Ra8 22.Bxg6 hxg6
23.Qf3 Qd6 24.Qg3 e5 25.Nc4 Qc7 26.Rcb1 c5 27.dxc5 Qxc5 28.Qf3 Ra7 29.Qd1 b5
30.Nd6 Nf6 31.Nxb5 Rd7 32.Qxa4 e4 33.Rd4 Qe5 34.h3 g5 35.Rxd7 Nxd7 36.Qd4 Qe6
37.Nc7 Qa2 38.Qxe4 Nf6 39.Rb8+  1-0

[Event "WY BU14 2012"]
[Site "Maribor SLO"]
[Date "2012.11.16"]
[Round "9.55"]
[White "Taalaibekov,Tagir"]
[Black "Ahmed,Fareed"]
[Result "1-0"]
[WhiteElo "1871"]
[BlackElo "1754"]

1.d4 Nf6 2.c4 e6 3.Nf3 Bb4+ 4.Bd2 c5 5.e3 Bxd2+ 6.Nbxd2 cxd4 7.Nxd4 Nc6 8.N2b3 O-O
9.Be2 Qe7 10.O-O Rd8 11.Rc1 g6 12.c5 Nxd4 13.Nxd4 a6 14.Qb3 e5 15.Nf3 Ne8
16.Qb6 d6 17.Rfd1 Bf5 18.cxd6 Nxd6 19.Rc7 Qe6 20.Ng5 Qxa2 21.Rxd6 Qb1+ 22.Bf1 Bd3
23.Rxd3 Rxd3 24.Nxf7 Rf8 25.Qf6  1-0

[Event "WY BU16 2012"]
[Site "Maribor SLO"]
[Date "2012.11.16"]
[Round "9.43"]
[White "Yezhel,Valiantsin"]
[Black "Pon,M"]
[Result "1/2-1/2"]
[WhiteElo "2047"]
[BlackElo "1887"]

1.d4 Nf6 2.Nf3 e6 3.c4 Bb4+ 4.Bd2 Qe7 5.a3 Bxd2+ 6.Qxd2 O-O 7.Nc3 d6 8.g3 e5
9.Bg2 Nc6 10.dxe5 dxe5 11.Nd5 Qd6 12.Nxf6+ Qxf6 13.O-O Be6 14.Qc3 Rad8 15.Rfd1 e4
16.Qxf6 gxf6 17.Nd2 f5 18.Kf1 Rd4 19.e3 Rd7 20.b3 Rfd8 21.Ke2 Na5 22.Rab1 Rd3
23.Ke1 Rc3 24.Rb2 Kg7 25.Bf1 b6 26.Be2 Rd6 27.h4 Rd7 28.Rdb1 Kf8 29.Kd1 Ke7
30.Rc1 Rxb3 31.Ra2 Rb5 32.cxb5 Bxa2 33.Ke1 Rxd2 34.Kxd2 Nb3+ 35.Kc2 Nxc1
36.Kxc1 Kd6 37.Kb2 Be6 38.Kc3 Kc5 39.Bf1 Bd7 40.a4 Be6 41.Be2 h6 42.Bf1 Bd7
43.Bc4 Be6 44.Be2 Bd5 45.Bd1 c6 46.bxc6 Bxc6 47.Bb3 Bd5 48.Bd1 a6 49.Bc2 b5
50.axb5 axb5 51.Bd1 Bc4 52.Bh5 Be6 53.Be2 Bc4 54.Bd1 Ba2 55.Bh5 b4+ 56.Kb2 Bc4
57.Bd1 Be6 58.Be2 Bc4 59.Bh5  1/2-1/2

[Event "WY GU16 2012"]
[Site "Maribor SLO"]
[Date "2012.11.17"]
[Round "10.22"]
[White "Cazacu,G"]
[Black "Oliveira,Maria"]
[Result "0-1"]
[WhiteElo "1804"]
[BlackElo "1969"]

1.d4 Nf6 2.c4 e6 3.Nf3 Bb4+ 4.Bd2 c5 5.Bxb4 cxb4 6.Nbd2 O-O 7.e3 d6 8.Be2 Nbd7
9.O-O b6 10.Rc1 Bb7 11.Qb3 a5 12.a3 bxa3 13.bxa3 Ne4 14.Rb1 Qe7 15.Rfc1 f5
16.c5 dxc5 17.Bb5 Rf6 18.d5 Nxd2 19.Nxd2 Rg6 20.Nf3 Kh8 21.Rd1 e5 22.Be2 Rd8
23.Ne1 e4 24.Rd2 Ne5 25.Rbd1 Rdd6 26.Qb5 Qd7 27.Qxd7 Rxd7 28.d6 Nf7 29.Bb5 Rdxd6
30.Be8 Rxd2 31.Rxd2 Rd6 32.Rxd6 Nxd6 33.Ba4 b5 34.Bd1 Kg8 35.Nc2 Kf7 36.Kf1 Ke6
37.Ke2 Kd5 38.f3 Kc4 39.Kd2 b4 40.axb4 axb4 41.Na1 Kb5 42.Be2+ Kb6 43.h3 Ba6
44.Bxa6 Kxa6 45.Nb3 Kb5 46.fxe4 fxe4 47.g4 c4 48.Nd4+ Ka4  0-1

[Event "TCh-FIN SM 2012-13"]
[Site "Jyvaskyla FIN"]
[Date "2012.11.18"]
[Round "7.3"]
[White "Volodin,Alek"]
[Black "Nevanlinna,R"]
[Result "1-0"]
[WhiteElo "2509"]
[BlackElo "2258"]

1.d4 Nf6 2.c4 e6 3.Nf3 Bb4+ 4.Bd2 Qe7 5.g3 Nc6 6.Nc3 Bxc3 7.Bxc3 Ne4 8.Rc1 d6
9.Bg2 O-O 10.O-O Nxc3 11.Rxc3 e5 12.Re3 Qf6 13.d5 Nb8 14.c5 a5 15.cxd6 cxd6
16.Qa4 Nd7 17.Rc1 Nc5 18.Qa3 b6 19.b4 Na6 20.bxa5 Nc5 21.Qb2 Rxa5 22.Qxb6 Qd8
23.Qb2 f6 24.Nd2 Bf5 25.Nc4 Ra8 26.Ra3 Qc7 27.Nd2 Qd7 28.h4 Rab8 29.Qc3 Rfc8
30.Qe3 Rb4 31.Rac3 Rcb8 32.a3 R4b7 33.Kh2 h6 34.Bf3 Bg6 35.h5 Bf5 36.Rc4 Re8
37.Rb4 Ra7 38.Nc4 e4 39.Bg2 Ra6 40.Qf4 Bg4 41.Nxd6 Qxd6 42.Qxd6 Rxd6 43.Rxc5 Bxe2
44.Rxe4 Bxh5 45.a4 Red8 46.a5 Bf7 47.Ra4 Bxd5 48.Rxd5 Rxd5 49.Bxd5+ Rxd5
50.a6 Rd8 51.a7 Ra8 52.Kh3 Kf7 53.Kg4 g6 54.Kf4 Ke6 55.Ra6+ Kd5 56.f3 g5+
57.Kg4 Ke5 58.Kh5 Kd4 59.Ra3  1-0

[Event "TCh-HUN 2012-13"]
[Site "Kecskemet HUN"]
[Date "2012.11.18"]
[Round "4"]
[White "Ilincic,Z"]
[Black "Nestorovic,De"]
[Result "1/2-1/2"]
[WhiteElo "2450"]
[BlackElo "2438"]

1.d4 Nf6 2.c4 e6 3.Nf3 Bb4+ 4.Bd2 Qe7 5.g3 Nc6 6.Bg2 Bxd2+ 7.Nbxd2 d6 8.e4 e5
9.d5 Nb8 10.Qe2 a5 11.O-O-O O-O 12.h4 c6 13.Ng5 Na6 14.Nf1 cxd5 15.cxd5 Nc5
16.Ne3 h6 17.Kb1 a4 18.Bh3 Bxh3 19.Rxh3 a3 20.b3 Nfxe4 21.Nxe4 Nxe4 22.Qc2 Nc5
23.Nf5 Qf6 24.g4 e4 25.Qc3 Qe5 26.Qxe5 dxe5 27.Re3 Rfd8 28.Ng3  1/2-1/2

[Event "TCh-HUN 2012-13"]
[Site "Mako HUN"]
[Date "2012.11.18"]
[Round "4"]
[White "Balla,Ta"]
[Black "Rachela,M"]
[Result "1-0"]
[WhiteElo "2381"]
[BlackElo "2364"]

1.d4 Nf6 2.c4 e6 3.Nf3 Bb4+ 4.Bd2 c5 5.Nc3 cxd4 6.Nxd4 O-O 7.a3 Be7 8.e4 d6
9.Be2 a6 10.O-O b6 11.Be3 Bb7 12.f3 Nbd7 13.Qd2 Rc8 14.Rac1 Qc7 15.b4 Qb8
16.Rfd1 Bd8 17.Nb3 Ne5 18.Na4 b5 19.cxb5 Rxc1 20.Qxc1 axb5 21.Nc3 d5 22.exd5 Bxd5
23.Nxd5 Nxd5 24.Bc5 Bb6 25.Kh1 Rc8 26.Qa1 Nc4 27.Rc1 Bc7 28.Bxc4 bxc4 29.Rxc4 Be5
30.Qc1 Bf4 31.Qc2 h6 32.Bg1 Rd8 33.Nd4 Qa8 34.Nc6 Re8 35.Qb3 Bd6 36.a4 Qb7
37.b5 Nb6 38.Re4 Ra8 39.a5 Nc8 40.a6 Rxa6 41.Nd8 Qb8 42.Nxf7 Bxh2 43.Bxh2 Ra1+
44.Bg1 Qb6 45.Nxh6+ gxh6 46.Qxe6+  1-0

[Event "WY BU14 2012"]
[Site "Maribor SLO"]
[Date "2012.11.18"]
[Round "11.19"]
[White "Lorparizangeneh,S"]
[Black "Cori Quispe,Kevin"]
[Result "0-1"]
[WhiteElo "2216"]
[BlackElo "2073"]

1.d4 Nf6 2.c4 e6 3.Nf3 Bb4+ 4.Bd2 Qe7 5.g3 Nc6 6.Bg2 Bxd2+ 7.Qxd2 Ne4 8.Qc2 Qb4+
9.Nbd2 Nxd2 10.Qxd2 Qxc4 11.O-O Qb4 12.Qd3 Qe7 13.e4 O-O 14.Rac1 b6 15.Rfe1 Bb7
16.a3 Rac8 17.d5 Nb8 18.h4 a5 19.Ng5 Ba6 20.Qd2 h6 21.Nf3 c5 22.Bh3 exd5
23.exd5 Qd6 24.Ne5 Rce8 25.f4 Nc6 26.Nxd7 Nd4 27.Qf2 Ne2+ 28.Kh2 Nxc1 29.Nxf8 Rxe1
30.Qxe1 Kxf8 31.Qxc1 Qxd5 32.Bg2 Qd4 33.Qc2 Qd3 34.Qc1 Qe2 35.Kg1 Qd3 36.Kh2 Qc4
37.Qe1 Qe2 38.Qxe2 Bxe2 39.Bd5 f6 40.Kg2 Ke7 41.Kf2 Kd6 42.Bf7 Bg4 43.Ke3 Be6
44.Be8 Kd5 45.Ba4 c4 46.Bd1 Bf5 47.g4 Bb1 48.g5 b5 49.Bh5 b4 50.Bf7+ Kc5
51.axb4+ axb4 52.gxh6 gxh6 53.h5 c3 54.bxc3 bxc3 55.Bg6 f5 56.Bf7 Kb4 57.Ke2 Ka3  0-1

[Event "VIII Governor's Cup B"]
[Site "Khanty-Mansiysk RUS"]
[Date "2012.11.21"]
[Round "7"]
[White "Chekletsov,Egor"]
[Black "Ivanets,V RUS"]
[Result "1/2-1/2"]
[WhiteElo "1867"]
[BlackElo "2203"]

1.d4 Nf6 2.c4 e6 3.Nf3 Bb4+ 4.Bd2 Be7 5.Nc3 d5 6.Bg5 Nbd7 7.e3 O-O 8.Bd3 c5
9.cxd5 exd5 10.O-O cxd4 11.exd4 Nb6 12.Ne5 h6 13.Bh4 Be6 14.Rc1 Nc4 15.b3 Nb2
16.Qc2 Nxd3 17.Qxd3 Rc8 18.f4 Rc7 19.f5 Bc8 20.Rcd1 a6 21.Rf3 Ne4 22.Be1 Re8
23.Ng4 Bb4 24.Nxd5 Qxd5 25.Bxb4 b6 26.Ne3 Qd8 27.Rf4 Bb7 28.d5 Nf6 29.d6 Rd7
30.Rd4 a5 31.Ba3 b5 32.Ng4 b4 33.Nxf6+ Qxf6 34.Bb2 Qg5 35.Qg3 Qxg3 36.hxg3 Re2
37.R1d2 Rxd2 38.Rxd2 f6  1/2-1/2

[Event "XXVI Belgrade Trophy 2012"]
[Site "Belgrade SRB"]
[Date "2012.11.24"]
[Round "1.12"]
[White "Brakus,D"]
[Black "Nestorovic,De"]
[Result "0-1"]
[WhiteElo "1978"]
[BlackElo "2426"]

1.d4 Nf6 2.Nf3 e6 3.c4 Bb4+ 4.Bd2 Qe7 5.Qc2 Bxd2+ 6.Nbxd2 d6 7.e4 e5 8.d5 a5
9.c5 O-O 10.Rc1 Nbd7 11.cxd6 cxd6 12.a3 a4 13.Bd3 Nc5 14.O-O Bg4 15.Rfe1 Rfc8
16.Qb1 Nh5 17.Re3 Nxd3 18.Rxc8+ Rxc8 19.Qxd3 Rc5 20.b4 Nf4 21.Qf1 Rc2 22.g3 Nh3+
23.Kg2 Qc7 24.Qd3 Rc1 25.Ne1 h5 26.Nb1 Nf4+  0-1

[Event "Malta Open 2012"]
[Site "Bugibba MLT"]
[Date "2012.11.24"]
[Round "9"]
[White "De Verdier,M"]
[Black "Bellia,F"]
[Result "1/2-1/2"]
[WhiteElo "2375"]
[BlackElo "2445"]

1.d4 Nf6 2.Nf3 e6 3.c4 Bb4+ 4.Bd2 Qe7 5.g3 Nc6 6.Nc3 O-O 7.Bg2 Bxc3 8.Bxc3 Ne4
9.Rc1 d6 10.d5 Nd8 11.dxe6 Nxe6 12.O-O Nxc3 13.Rxc3 a5 14.Nh4 Nc5 15.Qc2 Bd7
16.Re1 g6 17.b3 Rfe8 18.Re3 Qf6 19.Rf3 Qg7 20.h3 Bc6 21.Rf4 Ne6 22.Bxc6 bxc6
23.Rg4 Nd4 24.Qd3 c5 25.Re4 a4 26.Rxe8+ Rxe8 27.bxa4 Ra8 28.Qe4 Qf8 29.Nf3 Ne6
30.Qd5 Rxa4 31.e4 Qa8 32.Re2 Rxa2 33.Rxa2 Qxa2 34.e5 h5 35.Kg2 Qe2 36.h4 Kg7
37.Kg1 c6 38.Qxc6 dxe5 39.Qd5 Kf6 40.Nd2 Kg7 41.Ne4  1/2-1/2

[Event "2nd UNAM Open Section I 2012"]
[Site "Mexico City MEX"]
[Date "2012.11.24"]
[Round "5.13"]
[White "Fernandez,Fe"]
[Black "Ortiz Suarez,I"]
[Result "0-1"]
[WhiteElo "2311"]
[BlackElo "2595"]

1.d4 Nf6 2.c4 e6 3.Nf3 Bb4+ 4.Bd2 a5 5.g3 d6 6.Bg2 Nbd7 7.O-O e5 8.Be3 O-O
9.a3 exd4 10.Bxd4 Bc5 11.Nc3 Re8 12.Qc2 Qe7 13.Rad1 c6 14.Ng5 Bb6 15.Nce4 Bxd4
16.Rxd4 h6 17.Nxf7 c5 18.Nxf6+ Nxf6 19.Bd5 cxd4 20.Ng5+ Kf8 21.Qh7 Qf7 22.Qh8+ Ke7
23.Nxf7 Rxh8 24.Nxh8 Nxd5 25.cxd5 Bf5 26.e4 Bh7 27.Rc1 Rxh8 28.Rc7+ Kf6 29.f3 Re8
30.Kf2 Bg8 31.Rd7 Rc8 32.Ke2 Rc2+ 33.Kd3 Rxb2 34.Kxd4 Rd2+ 35.Ke3 Ra2 36.Kd4 Rxa3
37.Rxd6+ Ke7 38.Rb6 Ra4+ 39.Ke5 Rb4 40.Rg6 Kf7 41.Rd6 Ke8 42.Rg6 Kf8 43.Rd6 Bf7
44.Rd8+ Ke7 45.Rc8 Kd7 46.Rf8 Be8 47.Rg8 a4 48.Rxg7+ Kd8  0-1

[Event "2nd UNAM Open Section I 2012"]
[Site "Mexico City MEX"]
[Date "2012.11.24"]
[Round "6.9"]
[White "Gonzalez Zamora,J"]
[Black "Nakhbayeva,G"]
[Result "1-0"]
[WhiteElo "2542"]
[BlackElo "2334"]

1.d4 Nf6 2.c4 e6 3.Nf3 Bb4+ 4.Bd2 a5 5.Nc3 d6 6.Qc2 Nbd7 7.g3 e5 8.Bg2 O-O
9.a3 Bxc3 10.Bxc3 Re8 11.O-O e4 12.Ne1 d5 13.c5 c6 14.Qc1 Nf8 15.Nc2 Ne6
16.Bd2 h6 17.a4 Nh7 18.Ra3 Rf8 19.Bf4 Nxf4 20.Qxf4 Ng5 21.Rd1 b6 22.Rb3 Ne6
23.Qe3 Rb8 24.Bh3 f5 25.cxb6 Rxb6 26.Rxb6 Qxb6 27.b3 Ng5 28.Bg2 Ba6 29.Rb1 f4
30.gxf4 Ne6 31.f5 Rxf5 32.Bh3 Rf6 33.Bxe6+ Rxe6 34.Kh1 Rg6 35.Rg1 Rxg1+ 36.Kxg1 Bc4
37.Na1 Qb4 38.Kf1 Kh8 39.h4 Kh7 40.h5 Kh8 41.Qh3 Ba6 42.Qe3 Qe7 43.Nc2 Qh4
44.Ke1 Qxh5 45.b4 Qg4 46.bxa5 h5 47.Nb4 h4 48.Nxc6 h3 49.Ne5 Qc8 50.Kf1 Bxe2+
51.Kg1 Ba6 52.Kh2 Bf1 53.Qf4 Qe6 54.Nf7+ Kg8 55.Ng5 Qf6 56.Qb8+ Qf8 57.Qxf8+ Kxf8
58.Ne6+ Ke7 59.Nc5 g5 60.a6 Bxa6 61.Nxa6 g4 62.Nb4 Kd6 63.a5  1-0

[Event "TCh-NED Meesterklasse 2012-13"]
[Site "Netherland NED"]
[Date "2012.11.24"]
[Round "4.4"]
[White "Clijsen,M"]
[Black "Ikonnikov,Vy"]
[Result "0-1"]
[WhiteElo "2172"]
[BlackElo "2525"]

1.d4 Nf6 2.Nf3 e6 3.c4 Bb4+ 4.Bd2 Qe7 5.a3 Bxd2+ 6.Qxd2 d6 7.Nc3 O-O 8.e4 e5
9.dxe5 dxe5 10.Nd5 Qd8 11.Bd3 c6 12.Nxf6+ Qxf6 13.Qc3 Re8 14.c5 Nd7 15.O-O Nf8
16.Nd2 Ne6 17.Rfd1 Nd4 18.Nb3 Bg4 19.Rd2 Qg5 20.Bc4 Nf3+ 21.Kf1 Nxd2+  0-1

[Event "ch-Commonwealth 2012"]
[Site "Chennai IND"]
[Date "2012.11.25"]
[Round "4"]
[White "Bhakti,K"]
[Black "Ashwin,J"]
[Result "1/2-1/2"]
[WhiteElo "2196"]
[BlackElo "2488"]

1.d4 Nf6 2.c4 e6 3.Nf3 Bb4+ 4.Bd2 a5 5.Nc3 b6 6.e3 Bb7 7.Be2 O-O 8.O-O d6
9.Qc2 Nbd7 10.b3 d5 11.cxd5 exd5 12.a3 Be7 13.Qb2 c5 14.Rfd1 Re8 15.Be1 Qb8
16.Rac1 Bf8 17.Bf1 g6 18.g3 Bc6 19.Bb5 Bxb5 20.Nxb5 a4 21.bxa4 Rxa4 22.Nc3 Ra6
23.dxc5 bxc5 24.Qxb8 Rxb8 25.Nxd5 Rxa3 26.Nxf6+ Nxf6 27.Ne5 Ra2 28.Rb1 Re8
29.Nd7 Nxd7 30.Rxd7 Rc8 31.Bc3 Ra3 32.Rc1 c4 33.Rc2 h5 34.h4 Ra6 35.Kf1  1/2-1/2

[Event "2nd UNAM Fem Final 2012"]
[Site "Mexico City MEX"]
[Date "2012.11.25"]
[Round "3"]
[White "Ordaz Valdes,L"]
[Black "Alexandrova,O"]
[Result "1/2-1/2"]
[WhiteElo "2350"]
[BlackElo "2409"]

1.d4 Nf6 2.c4 e6 3.Nf3 Bb4+ 4.Bd2 Qe7 5.a3 Bxd2+ 6.Qxd2 a5 7.Nc3 d6 8.e4 e5
9.d5 O-O 10.Bd3 Nbd7 11.O-O Nc5 12.Bc2 a4 13.Ne1 Bd7 14.f3 Rfb8 15.Nd3 Nxd3
16.Bxd3 c6 17.Kh1 Qd8 18.Bc2 cxd5 19.cxd5 Qb6 20.Rab1 Bb5 21.Rfc1 Nd7 22.Nxb5 Qxb5
23.Bd3 Qb6 24.Qb4 Qxb4 25.axb4 Rc8 26.Bb5 Nb6 27.Kg1 Kf8 28.Kf2 Ke7 29.Ke2 Kd8
30.Rxc8+ Rxc8 31.Kd3 f5 32.Ra1 fxe4+ 33.fxe4 Ra8 34.Ra3 Ke7 35.Rc3 Kd8 36.Ra3 Ke7
37.g3 Rf8 38.Ke3 Ra8 39.Rc3 Kd8 40.Ra3 Ke7 41.Rc3 h6  1/2-1/2

[Event "2nd UNAM Open Section I 2012"]
[Site "Mexico City MEX"]
[Date "2012.11.25"]
[Round "8.1"]
[White "Macieja,B"]
[Black "Hernandez Carmenates,Hold"]
[Result "1-0"]
[WhiteElo "2609"]
[BlackElo "2562"]

1.d4 Nf6 2.c4 e6 3.Nf3 Bb4+ 4.Bd2 a5 5.g3 d5 6.Qc2 c5 7.cxd5 cxd4 8.Bg2 O-O
9.Nxd4 Qb6 10.e3 exd5 11.O-O Nc6 12.Nxc6 bxc6 13.Rc1 Bxd2 14.Nxd2 Bd7 15.Nb3 Rfb8
16.Nc5 Be8 17.b3 Qa7 18.e4 h6 19.Re1 dxe4 20.Bxe4 Rb5 21.Rac1 Nxe4 22.Rxe4 f6
23.Qc3 Bf7 24.Qe3 Qb8 25.Re7 Qf8 26.Re1 Rbb8 27.Nd7 Qxe7 28.Qxe7 Re8 29.Qxe8+ Bxe8
30.Nc5 Bf7 31.f3 Rd8 32.Kf2 Rd5 33.Na4 Kf8 34.Nc3 Rd2+ 35.Re2 Rxe2+ 36.Kxe2 Ke7
37.Ne4 Kd7 38.Ke3 Kc7 39.Kd4 Kb6 40.Nd6 c5+ 41.Kc3 Bd5 42.f4 g6 43.f5 gxf5
44.Nxf5 h5 45.Ne3 Be6 46.Nc4+ Kb5 47.Nd6+ Kc6 48.Ne8 h4 49.gxh4 Kd5 50.Nc7+ Ke5
51.Nxe6 Kxe6 52.Kd3 Kf5 53.Ke3 Kg4 54.h5 Kxh5 55.Kf4 Kg6 56.a4  1-0

[Event "TCh-SVK Extraliga 2012-13"]
[Site "Slovakia SVK"]
[Date "2012.11.25"]
[Round "4.4"]
[White "Borik,J"]
[Black "Stohl,I"]
[Result "0-1"]
[WhiteElo "2182"]
[BlackElo "2518"]

1.d4 Nf6 2.c4 e6 3.Nf3 Bb4+ 4.Bd2 Qe7 5.e3 b6 6.Bd3 Bb7 7.Qb3 Bxd2+ 8.Nbxd2 c5
9.O-O O-O 10.e4 cxd4 11.Nxd4 Na6 12.Bc2 Nc5 13.Qe3 d6 14.h3 g6 15.b4 Ncd7
16.Ba4 Rac8 17.Rfc1 Ne5 18.f4 Nc6 19.Bxc6 Bxc6 20.e5 Nd7 21.Rab1 a6 22.Qg3 Bb7
23.N4f3 Rfd8 24.h4 Nf8 25.h5 dxe5 26.fxe5 Rd3 27.Qf4 gxh5 28.Ne4 Bxe4 29.Qxe4 Rcd8
30.c5 Qc7 31.c6 Ng6 32.a4 b5 33.axb5 axb5 34.Rc5 R3d5 35.Rbc1 h6 36.Qe2 Kg7
37.Qxb5 Nxe5 38.Qe2 Ng4 39.Kh1 Rxc5 40.Rxc5 Rd1+ 41.Qxd1 Nf2+ 42.Kg1 Nxd1
43.Ne5 Ne3 44.b5 Qd6  0-1

[Event "XXVI Belgrade Trophy 2012"]
[Site "Belgrade SRB"]
[Date "2012.11.27"]
[Round "4.4"]
[White "Indjic,A"]
[Black "Stankovic,Milo"]
[Result "1-0"]
[WhiteElo "2511"]
[BlackElo "2359"]

1.d4 e6 2.c4 Nf6 3.Nf3 Bb4+ 4.Bd2 a5 5.Nc3 d6 6.Qc2 Nbd7 7.g4 d5 8.g5 Bxc3
9.bxc3 Ne4 10.Bf4 b6 11.h4 Bb7 12.cxd5 exd5 13.Nd2 O-O 14.Nxe4 dxe4 15.e3 Re8
16.h5 Nf8 17.g6 fxg6 18.Bc4+ Bd5 19.Bxc7 Qd7 20.Bxd5+ Qxd5 21.hxg6 Nxg6 22.Bxb6 Rab8
23.c4 Qf5 24.Bc7 Rb7 25.Bg3 h5 26.Rb1 Rxb1+ 27.Qxb1 Qf3 28.Rh2 h4 29.Bd6 Qg4
30.Qb5 Rd8 31.c5 Qg1+ 32.Qf1 Qg5 33.Qc4+ Kh7 34.Rh1 Qg2 35.Qf1 Qg4 36.Rg1 Qf5
37.Qg2 h3 38.Rh1 Kg8 39.Qxh3 Qd5 40.Qh7+ Kf7 41.Rh5 Qe6 42.Be5 Rg8 43.Rg5 Ne7
44.Qxe4 g6 45.Rg3 Qxa2 46.Rh3 Qa1+ 47.Ke2 Qb2+ 48.Kf1 Rf8 49.Rh7+ Ke8 50.Rxe7+  1-0

[Event "Doroshkevicha Mem Open 2012"]
[Site "Sochi RUS"]
[Date "2012.11.28"]
[Round "3"]
[White "Mumdgan,S"]
[Black "Trubchaninov,Artem"]
[Result "0-1"]
[WhiteElo "2166"]
[BlackElo "1698"]

1.d4 Nf6 2.c4 e6 3.Nf3 Bb4+ 4.Bd2 Bxd2+ 5.Nbxd2 b6 6.e4 d6 7.Qc2 Bb7 8.Bd3 h6
9.a3 O-O 10.e5 dxe5 11.dxe5 Nfd7 12.h4 Nc6 13.Bh7+ Kh8 14.Be4 Nc5 15.O-O-O Qe7
16.Ng5 Nd4 17.Qb1 Ne2+ 18.Kc2 Nd4+ 19.Kc3 Rad8 20.b3 Bxe4 21.Ndxe4 Ne2+ 22.Kb2 Rxd1
23.Qxd1 Nf4 24.Qc2 Ncd3+ 25.Ka2 Nxe5 26.g3 Nh5 27.f4 Ng4 28.Nf2 Ngf6 29.Qc3 Kg8
30.Qf3 g6 31.g4 Ng7 32.Ngh3 Rd8 33.Rd1 Rxd1 34.Qxd1 h5 35.g5 Nfe8 36.Ne4 Nf5
37.Nhf2 Nxh4 38.Qd4 Nf5 39.Qe5 Qd8 40.Qb5 Nfd6 41.Qe5 a6 42.a4 Nf5 43.Qc3 Qd4
44.Qxd4 Nxd4 45.Kb2 Kg7 46.Nd3 Nd6 47.Nf6 h4 48.b4 Ne2 49.c5 bxc5 50.Nxc5 h3
51.Ng4 a5 52.bxa5 Nxf4 53.a6 Nc8 54.Nd7 Na7 55.Kc3 Nd5+ 56.Kd4 Nb4 57.Nc5 Nac6+
58.Kc4 Nxa6 59.Kb5 Nxc5 60.Kxc5 Na7 61.Kb4 Kf8 62.Ka5 Ke7 63.Ka6 c5 64.Kxa7 c4
65.Kb7 c3 66.a5 c2 67.a6 c1=Q 68.a7 Qb2+ 69.Kc7 Qc3+ 70.Kb7 Qb4+ 71.Kc7 Qa5+
72.Kb7 Qb5+ 73.Kc7 Qa6 74.Kb8 Qb6+ 75.Ka8 Qc7  0-1

[Event "XXVI Belgrade Trophy 2012"]
[Site "Belgrade SRB"]
[Date "2012.11.29"]
[Round "6.31"]
[White "Ratkovic,Miloj"]
[Black "Arsic,D"]
[Result "0-1"]
[WhiteElo "2228"]
[BlackElo "1990"]

1.d4 Nf6 2.c4 e6 3.Nf3 Bb4+ 4.Bd2 Qe7 5.g3 Nc6 6.Nc3 d6 7.Bg2 O-O 8.O-O Bxc3
9.Bxc3 e5 10.d5 Nb8 11.Qc2 a5 12.b3 Nbd7 13.a3 c6 14.dxc6 bxc6 15.Nh4 d5
16.b4 Nb6 17.cxd5 Nbxd5 18.bxa5 Nxc3 19.Qxc3 e4 20.Bh1 Qc7 21.Rfc1 Bd7 22.Qd4 Rfd8
23.Rc5 Rxa5 24.Qb4 Rxc5 25.Qxc5 Qb8 26.Rd1 Qb3 27.Qc1 Re8 28.Ng2 Bg4 29.Rd2 Nd5
30.h3 Bxh3 31.Qxc6 Qb1+ 32.Kh2 Nf6 33.Ne3 Qe1 34.Qc3 Bf1 35.Bg2 Bxe2 36.Rc2 Qxf2
37.Qd2 Qxe3 38.Qxe2 Qxa3 39.Ra2  0-1

[Event "TCh-AUT 2 East 2012-13"]
[Site "Austria AUT"]
[Date "2012.12.01"]
[Round "5.2"]
[White "Loeffler,S"]
[Black "Wagner,Stef AUT"]
[Result "1-0"]
[WhiteElo "2410"]
[BlackElo "2178"]

1.d4 Nf6 2.c4 e6 3.Nf3 Bb4+ 4.Bd2 Bxd2+ 5.Qxd2 d6 6.Nc3 Nbd7 7.g4 Nxg4 8.Rg1 h5
9.h3 Nh6 10.Rxg7 b6 11.Rg5 Nf6 12.e4 Bb7 13.Qf4 Rg8 14.Be2 Rxg5 15.Qxg5 Nfg8
16.Qxh5 Qf6 17.a4 O-O-O 18.a5 c5 19.axb6 axb6 20.Rd1 Qf4 21.Qg5 Qxg5 22.Nxg5 Nf6
23.f4 cxd4 24.Rxd4 e5 25.fxe5 dxe5 26.Rxd8+ Kxd8 27.Kd2 Nd7 28.Nd5 Bxd5 29.cxd5 Ke7
30.Ke3 f5 31.exf5 Nxf5+ 32.Kf2 Nf6 33.Bg4 Nxg4+ 34.hxg4 Nh6 35.Kf3 Kd6 36.Ke4 Nxg4
37.Nf7+ Kc5 38.d6 Kc6 39.Nxe5+ Kxd6 40.Nxg4 Kc5 41.Kd3  1-0

[Event "TCh-SWE Elite 2012-13"]
[Site "Sweden SWE"]
[Date "2012.12.01"]
[Round "4"]
[White "Krantz,C"]
[Black "Akesson,J"]
[Result "1/2-1/2"]
[WhiteElo "2252"]
[BlackElo "2288"]

1.d4 e6 2.c4 Nf6 3.Nf3 Bb4+ 4.Bd2 Qe7 5.g3 Nc6 6.Bg2 Bxd2+ 7.Nbxd2 O-O 8.O-O d6
9.e4 e5 10.d5 Nb8 11.Ne1 Na6 12.Nd3 Bg4 13.f3 Bd7 14.b4 c6 15.Qb3 cxd5 16.cxd5 Rfc8
17.a3 Rc7 18.Rfc1 Rac8 19.Rxc7 Rxc7 20.Bf1 h5 21.Rc1 h4 22.g4 Ne8 23.Rxc7 Naxc7
24.a4 Qg5 25.Nc4 b5 26.axb5 Nxb5 27.Qd1 Nd4 28.Kf2 Bb5 29.Ncb2 Qd8 30.Qc1 Qb6
31.Kg2 Bxd3 32.Nxd3 Nc7 33.Qg5 Na6 34.Qxh4 Nxb4 35.Nxb4 Qxb4 36.Qd8+ Kh7
37.Qh4+ Kg8 38.Qd8+ Kh7 39.Qh4+ Kg8  1/2-1/2